Antología de la poesía surrealista latinoamericana

Tallennettuna:
Bibliografiset tiedot
Päätekijä: Baciu, Stefan Aurel (Tekijä)
Aineistotyyppi: Kirja
Kieli:espanja
Julkaistu: Valparaíso Ediciones Universitarias de Valparaíso 1981
Aiheet:
Tagit: Lisää tagi
Ei tageja, Lisää ensimmäinen tagi!

MARC

LEADER 00000nam a2200000 a 4500
001 UCT6558
003 CL-VaPUC
005 20241114092524.0
008 970113e19810000CL |||||||||||||||||spa|d
999 |c 255247  |d 255245 
040 |c Pontificia Universidad Católica de Valparaíso 
082 0 4 |a H861.09  |b BAC  |2 21 
100 0 |a Baciu, Stefan Aurel  |e author  |9 376797 
245 1 0 |a Antología de la poesía surrealista latinoamericana 
260 |a Valparaíso  |b Ediciones Universitarias de Valparaíso  |c 1981 
300 |a 287 p 
583 |a last modification  |c 20190722 12:07:11  |k Rodrigo Vera 
600 0 7 |a MADARIAGA, FRANCISCO  |2 CL-VaPUC  |9 376798 
600 0 |a Pellegrini, Aldo   |9 376799 
600 0 7 |a ARENAS, BRAULIO  |2 CL-VaPUC  |9 376800 
600 0 7 |a CACERES, JORGE  |2 CL-VaPUC  |9 376801 
600 0 |a Gómez Correa, Enrique  |9 376802 
600 0 |a Moro, César,  |d 1903-1956  |9 376803 
600 0 |a Paz, Octavio  |d 1914-1998  |9 881026 
650 7 |a POESIA ARGENTINA  |2 CL-VaPUC  |9 268280 
650 0 |a Poesía chilena   |9 268403 
650 0 |a Poesía peruana   |9 265071 
650 0 |a Poesía mexicana   |9 268431 
650 0 |a Poesía latinoamericana  |9 376804 
650 0 |a Crítica e interpretación   |9 255042 
650 0 |a Crítica literaria   |9 269189 
942 |c BK  |2 ddc 
945 |d 19970113 00:00:00  |a nastorga 
952 |0 0  |1 0  |4 0  |6 H_861_090000000000000_BAC_1981  |7 0  |8 A  |9 277423  |a BIBEDU  |b BIBEDU  |d 2019-11-19  |i 3267709  |o H861.09 BAC 1981  |p 3267709  |r 2019-11-19  |w 2019-11-19  |y BK  |k LIT 
952 |0 0  |1 0  |4 0  |6 H_861_090000000000000_BAC_1981  |7 0  |8 A  |9 277424  |a BIBARQ  |b BIBARQ  |d 2019-11-19  |i 3437582  |l 1  |o H861.09 BAC 1981  |p 3437582  |r 2025-01-20  |s 2023-11-08  |w 2019-11-19  |y BK  |k ARQ 
952 |0 0  |1 0  |4 0  |6 H_861_090000000000000_BAC_1981  |7 0  |8 A  |9 277425  |a BIBART  |b BIBART  |d 2019-11-19  |i 3518957  |o H861.09 BAC 1981  |p 3518957  |r 2025-03-13  |w 2019-11-19  |y BK  |k ART